F1 World Champions - Statistics

General Stats
  • This quiz has been taken 121 times
  • The average score is 53 of 74
Answer Stats
Hint Answer % Correct
2008 Lewis Hamilton
98%
2014 Lewis Hamilton
98%
2015 Lewis Hamilton
98%
2017 Lewis Hamilton
98%
2018 Lewis Hamilton
98%
2019 Lewis Hamilton
98%
2020 Lewis Hamilton
98%
2010 Sebastian Vettel
97%
2011 Sebastian Vettel
97%
2012 Sebastian Vettel
97%
2013 Sebastian Vettel
97%
1988 Ayrton Senna
95%
1990 Ayrton Senna
95%
1991 Ayrton Senna
95%
2021 Max Verstappen
95%
2022 Max Verstappen
95%
2023 Max Verstappen
95%
1994 Michael Schumacher
93%
1995 Michael Schumacher
93%
2000 Michael Schumacher
93%
2001 Michael Schumacher
93%
2002 Michael Schumacher
93%
2003 Michael Schumacher
93%
2004 Michael Schumacher
93%
2005 Fernando Alonso
91%
2006 Fernando Alonso
91%
1982 Keke Rosberg
89%
2016 Nico Rosberg
89%
1985 Alain Prost
85%
1986 Alain Prost
85%
1989 Alain Prost
85%
1993 Alain Prost
85%
2009 Jenson Button
84%
2007 Kimi Raikkonen
81%
1975 Niki Lauda
80%
1977 Niki Lauda
80%
1984 Niki Lauda
80%
1951 Juan Manuel Fangio
73%
1954 Juan Manuel Fangio
73%
1955 Juan Manuel Fangio
73%
1956 Juan Manuel Fangio
73%
1957 Juan Manuel Fangio
73%
1998 Mika Hakkinen
68%
1999 Mika Hakkinen
68%
1996 Damon Hill
66%
1962 Graham Hill
66%
1968 Graham Hill
66%
1961 Phil Hill
66%
1976 James Hunt
59%
1981 Nelson Piquet
59%
1983 Nelson Piquet
59%
1987 Nelson Piquet
59%
1992 Nigel Mansell
56%
1952 Alberto Ascari
55%
1953 Alberto Ascari
55%
1950 Giuseppe Farina
49%
1997 Jacques Villeneuve
48%
1969 Jackie Stewart
46%
1971 Jackie Stewart
46%
1973 Jackie Stewart
46%
1972 Emerson Fittipaldi
45%
1974 Emerson Fittipaldi
45%
1959 Jack Brabham
39%
1960 Jack Brabham
39%
1966 Jack Brabham
39%
1963 Jim Clark
38%
1965 Jim Clark
38%
1978 Mario Andretti
36%
1979 Jody Scheckter
35%
1970 Jochen Rindt
32%
1980 Alan Jones
31%
1958 Mike Hawthorn
27%
1964 John Surtees
24%
1967 Denny Hulme
23%
No matching quizzes found
Score Distribution
Percent of People with Each Score
Percentile by Number Answered
Your Score History
You have not taken this quiz